000 00454nam a2200181Ia 4500
001 23836
005 20260414151004.0
008 260414t2014||||xx |||||||||||||| ||spa||
041 _aESP
082 _a720
_bY459
100 _aYnzenga, Bernardo,
_eAUT
245 0 _aEspacios zero :
_basa-vivienda, ciudad, territorio y tiempo
260 _c2014
300 _a311 páginas :
_c20 cm.
650 _aABD
654 _aCAU
942 _cLIB
_dJUS
_fJUS
_2ddc
_n
999 _c23836
_d23836